[Event "Stockholm op"]
[Site "Stockholm"]
[Date "2015.08.19"]
[Round "5"]
[White "Isaksson, Per"]
[Black "Ask, Josef"]
[Result "0-1"]
[WhiteElo "2075"]
[BlackElo "2166"]
[PlyCount "52"]
[EventDate "2015.08.17"]
[EventType "swiss"]
[EventRounds "9"]
[EventCountry "SWE"]
[SourceTitle "EXT 2016"]
[Source "ChessBase"]
[SourceDate "2015.10.08"]
[SourceVersion "1"]
[SourceVersionDate "2015.10.08"]
[SourceQuality "1"]

1. d4 Nf6 2. c4 g6 3. Nc3 Bg7 4. e4 d6 5. h3 0-0 6. Bg5 Na6 7. Nf3 Qe8 8. Be2 e5 9. d5 Nd7 10. g4 Ndc5 11. a3 f5 12. gxf5 gxf5 13. exf5 Bxf5 14. Nh4 e4 15. Nxf5 Rxf5 16. Be3 Qe5 17. Qc2 Raf8 18. 0-0-0 Rxf2 19. Bd4 Nd3+ 20. Rxd3 exd3 21. Bxe5 dxc2 22. Bxg7 Kxg7 23. b4 Re8 24. Bd3 Re3 25. Rg1+ Kh8 26. Ne4 Rf4 0-1

[Event "Stockholm op"]
[Site "Stockholm"]
[Date "2014.06.01"]
[Round "9"]
[White "Isaksson, Per"]
[Black "Jansson, Gilbert"]
[Result "0-1"]
[WhiteElo "2042"]
[BlackElo "1916"]
[PlyCount "70"]
[EventDate "2014.05.28"]
[EventType "swiss"]
[EventRounds "9"]
[EventCountry "SWE"]
[SourceTitle "CBM 160 Extra"]
[Source "ChessBase"]
[SourceDate "2014.07.01"]
[SourceVersion "1"]
[SourceVersionDate "2014.07.01"]
[SourceQuality "1"]

1. d4 Nf6 2. c4 g6 3. f3 Bg7 4. e4 d6 5. Nc3 0-0 6. Be3 Nbd7 7. Nh3 c5 8. d5 a6 9. a4 Ne5 10. Nf2 Ne8 11. Be2 f5 12. Qd2 Nf6 13. 0-0 fxe4 14. Nfxe4 Nxe4 15. Nxe4 Nf7 16. Rab1 Bd7 17. a5 b5 18. axb6 a5 19. b3 Qxb6 20. Bd3 Qb4 21. Rfe1 Qxd2 22. Bxd2 a4 23. bxa4 Rxa4 24. Rb7 Ne5 25. Bf1 Bf5 26. Rxe7 Bxe4 27. Rxe4 Ra1 28. f4 Nf7 29. Be3 Nh6 30. Bd2 Nf5 31. Re1 Nxe7 32. Rxe7 Bd4+ 33. Be3 Bxe3+ 34. Rxe3 Rxf4 35. Rf3 Rxc4 0-1

[Event "Stockholm op"]
[Site "Stockholm"]
[Date "2014.05.28"]
[Round "2"]
[White "Stupak, Kirill"]
[Black "Isaksson, Per"]
[Result "1-0"]
[WhiteElo "2486"]
[BlackElo "2042"]
[PlyCount "75"]
[EventDate "2014.05.28"]
[EventType "swiss"]
[EventRounds "9"]
[EventCountry "SWE"]
[SourceTitle "CBM 160 Extra"]
[Source "ChessBase"]
[SourceDate "2014.07.01"]
[SourceVersion "1"]
[SourceVersionDate "2014.07.01"]
[SourceQuality "1"]

1. d4 d5 2. Nf3 Nf6 3. g3 Bf5 4. Bg2 e6 5. 0-0 h6 6. c4 c6 7. Nc3 Be7 8. Qb3 Qb6 9. c5 Qc7 10. Bf4 Qc8 11. Nd2 Nbd7 12. e4 dxe4 13. Ndxe4 0-0 14. Bd6 Bxd6 15. Nxd6 Qc7 16. Qxb7 Qxb7 17. Nxb7 Rab8 18. Na5 Rfc8 19. Nc4 Rb4 20. b3 Bg6 21. Rfe1 Kf8 22. Ne4 Nxe4 23. Bxe4 Bxe4 24. Rxe4 Nf6 25. Re3 Nd5 26. Rd3 Rd8 27. a3 Rb7 28. b4 Ne7 29. Nd6 Rbd7 30. Rad1 g6 31. f4 Nf5 32. Nxf5 gxf5 33. Kf2 Rb7 34. Ke3 a5 35. Rb1 Rdb8 36. Rdb3 Ke7 37. Kd3 h5 38. Kc4 1-0

[Event "Stockholm op"]
[Site "Stockholm"]
[Date "2013.08.07"]
[Round "5"]
[White "Isaksson, Per"]
[Black "Andersen, Jens Knud"]
[Result "1/2-1/2"]
[WhiteElo "2018"]
[BlackElo "2152"]
[PlyCount "74"]
[EventDate "2013.08.05"]
[EventType "swiss"]
[EventRounds "9"]
[EventCountry "SWE"]
[SourceTitle "CBM 155 Extra"]
[Source "ChessBase"]
[SourceDate "2013.08.26"]
[SourceVersion "1"]
[SourceVersionDate "2013.08.26"]
[SourceQuality "1"]

1. d4 d5 2. c4 e6 3. Nc3 Nf6 4. cxd5 exd5 5. Bg5 Be7 6. e3 0-0 7. Bd3 Nbd7 8. Qc2 Re8 9. Nf3 Nf8 10. h3 Be6 11. 0-0 c6 12. Rab1 a5 13. Na4 N6d7 14. Bxe7 Qxe7 15. Rfc1 Qf6 16. Qd1 Bf5 17. a3 Ne6 18. Bxf5 Qxf5 19. b4 b5 20. Nb2 axb4 21. axb4 Ra6 22. Ra1 Rea8 23. Rxa6 Rxa6 24. Ra1 Rxa1 25. Qxa1 Qc2 26. Ne1 Qc3 27. Qa8+ Nef8 28. Nbd3 g6 29. Qa2 Ne6 30. Qc2 Qc4 31. Qd2 Ng5 32. f3 f6 33. Nf4 Kf7 34. Ned3 f5 35. h4 Ne6 36. Nh3 Ke7 37. Nhf2 Kd6 1/2-1/2

[Event "Stockholm op"]
[Site "Stockholm"]
[Date "2013.08.05"]
[Round "3"]
[White "Isaksson, Per"]
[Black "Poley, Vladimir"]
[Result "0-1"]
[WhiteElo "2018"]
[BlackElo "2306"]
[PlyCount "60"]
[EventDate "2013.08.05"]
[EventType "swiss"]
[EventRounds "9"]
[EventCountry "SWE"]
[SourceTitle "CBM 155 Extra"]
[Source "ChessBase"]
[SourceDate "2013.08.26"]
[SourceVersion "1"]
[SourceVersionDate "2013.08.26"]
[SourceQuality "1"]

1. d4 g6 2. c4 Bg7 3. e4 Nc6 4. Be3 e5 5. Ne2 exd4 6. Nxd4 Qf6 7. Nxc6 dxc6 8. Nc3 Ne7 9. Be2 0-0 10. 0-0 Re8 11. Qc2 b6 12. Rad1 c5 13. Qd2 c6 14. Bg5 Qe6 15. Qd6 Bd4 16. Qc7 Be5 17. Rd8 Bd7 18. Rxe8+ Rxe8 19. Qxa7 Nc8 20. Qa4 Nd6 21. h3 h5 22. Rd1 Bxc3 23. bxc3 Nxe4 24. Bd2 Nxf2 25. Re1 Qd6 26. Kxf2 Qxd2 27. Qd1 Qe3+ 28. Kf1 Bf5 29. Bf3 Bd3+ 30. Be2 Re6 0-1

[Event "Reykjavik op"]
[Site "Reykjavik"]
[Date "2013.02.24"]
[Round "7"]
[White "Isaksson, Per"]
[Black "Bewersdorff, Oliver"]
[Result "0-1"]
[WhiteElo "2016"]
[BlackElo "2335"]
[PlyCount "98"]
[EventDate "2013.02.19"]
[EventType "swiss"]
[EventRounds "10"]
[EventCountry "ISL"]
[SourceTitle "CBM 153 Extra"]
[Source "ChessBase"]
[SourceDate "2013.04.22"]
[SourceVersion "1"]
[SourceVersionDate "2013.04.22"]
[SourceQuality "1"]

1. d4 Nf6 2. c4 g6 3. Nc3 d5 4. Nf3 Bg7 5. Bg5 Ne4 6. Bh4 Nxc3 7. bxc3 dxc4 8. Qa4+ Qd7 9. Qxc4 b6 10. e3 Ba6 11. Qb3 Bxf1 12. Kxf1 Nc6 13. Rc1 Na5 14. Qb1 0-0 15. Ke2 Qe6 16. c4 c5 17. d5 Qd6 18. Rhd1 h6 19. Bg3 e5 20. Nd2 f5 21. f3 h5 22. Qd3 Bh6 23. Rc2 Rae8 24. e4 Qf6 25. Nb1 fxe4 26. Qxe4 Nb7 27. d6 Nxd6 28. Qd5+ Re6 29. Nc3 Nf5 30. Ne4 Qf7 31. Rc3 Nd4+ 32. Kf1 Re7 33. Qxf7+ Kxf7 34. Bh4 Rc7 35. Bg5 Bxg5 36. Nxg5+ Kf6 37. Ne4+ Kg7 38. a4 Kh6 39. Kf2 g5 40. h3 Rc6 41. g4 Rf4 42. Re1 Re6 43. a5 h4 44. Nd2 bxa5 45. Rce3 Rb6 46. Rb1 Rxb1 47. Nxb1 e4 48. Nd2 Nxf3 49. Rxe4 Nxd2+ 0-1

[Event "Reykjavik op"]
[Site "Reykjavik"]
[Date "2013.02.22"]
[Round "5"]
[White "Heimisson, Hilmir Freyr"]
[Black "Isaksson, Per"]
[Result "0-1"]
[WhiteElo "1693"]
[BlackElo "2016"]
[PlyCount "86"]
[EventDate "2013.02.19"]
[EventType "swiss"]
[EventRounds "10"]
[EventCountry "ISL"]
[SourceTitle "CBM 153 Extra"]
[Source "ChessBase"]
[SourceDate "2013.04.22"]
[SourceVersion "1"]
[SourceVersionDate "2013.04.22"]
[SourceQuality "1"]

1. e4 c6 2. d4 d5 3. e5 c5 4. c3 Nc6 5. f4 Nh6 6. Nf3 Bg4 7. Be2 e6 8. Be3 Nf5 9. Bf2 Qb6 10. Nbd2 cxd4 11. cxd4 Bxf3 12. Bxf3 Nfxd4 13. 0-0 Nxf3+ 14. Nxf3 Bc5 15. Bxc5 Qxc5+ 16. Kh1 0-0 17. Rc1 Qe3 18. Ng5 h6 19. Rc3 Qd4 20. Qh5 Rac8 21. a3 Ne7 22. Rxc8 Nxc8 23. Nh3 Ne7 24. g4 Qe4+ 25. Kg1 Rc8 26. Qh4 Qe3+ 27. Nf2 Nc6 28. Qh3 Qxf4 29. Qb3 Nxe5 30. h3 Nf3+ 31. Kg2 Nh4+ 32. Kh1 Rc2 33. Kg1 Re2 34. Qc3 d4 35. Qc8+ Kh7 36. Qxb7 Qg3+ 37. Kh1 Nf3 38. Qxf3 Qxf3+ 39. Kg1 Qg3+ 40. Kh1 Rxf2 41. Rxf2 Qxf2 42. b4 a6 43. b5 d3 0-1

[Event "Reykjavik op"]
[Site "Reykjavik"]
[Date "2013.02.21"]
[Round "4"]
[White "Isaksson, Per"]
[Black "Thorfinnsson, Bjorn"]
[Result "0-1"]
[WhiteElo "2016"]
[BlackElo "2386"]
[PlyCount "58"]
[EventDate "2013.02.19"]
[EventType "swiss"]
[EventRounds "10"]
[EventCountry "ISL"]
[SourceTitle "CBM 153 Extra"]
[Source "ChessBase"]
[SourceDate "2013.04.22"]
[SourceVersion "1"]
[SourceVersionDate "2013.04.22"]
[SourceQuality "1"]

1. d4 Nf6 2. c4 c5 3. d5 b5 4. cxb5 a6 5. bxa6 d6 6. Nc3 Bxa6 7. Nf3 g6 8. e4 Bxf1 9. Kxf1 Bg7 10. g3 0-0 11. Kg2 Nbd7 12. a4 Qb6 13. Qc2 Qb4 14. Bd2 Rfb8 15. Rab1 Qb3 16. Rhc1 Qxc2 17. Rxc2 Rb4 18. Re1 Ne8 19. e5 Nxe5 20. Nxe5 Bxe5 21. f4 Bf6 22. Ne4 Rbxa4 23. Nxf6+ Nxf6 24. Rxe7 Nxd5 25. Rd7 R4a6 26. f5 Nf6 27. Rb7 gxf5 28. Bf4 Ne4 29. Rd7 R6a7 0-1

[Event "Salongernas Elo 5th"]
[Site "Stockholm"]
[Date "2005.06.17"]
[Round "7"]
[White "Henriksson, Jacob"]
[Black "Isaksson, Per"]
[Result "1-0"]
[WhiteElo "2210"]
[BlackElo "2083"]
[PlyCount "81"]
[EventDate "2005.06.11"]
[EventType "tourn"]
[EventRounds "9"]
[EventCountry "SWE"]
[SourceTitle "CBM 106 Extra"]
[Source "ChessBase"]
[SourceDate "2005.07.01"]
[SourceVersion "1"]
[SourceVersionDate "2005.07.01"]
[SourceQuality "1"]

1. d4 Nf6 2. c4 e6 3. Nc3 Bb4 4. Bg5 c5 5. d5 d6 6. e3 Bxc3+ 7. bxc3 Qe7 8. Nf3 Nbd7 9. Be2 e5 10. Qb1 h6 11. Bh4 g5 12. Bg3 Nf8 13. Nd2 Ng6 14. Bd3 Rg8 15. f3 Kd8 16. Bf2 Kc7 17. g4 Bd7 18. Qb3 Rae8 19. Rb1 Bc8 20. Bf5 Kb8 21. Qb5 Nf8 22. e4 Ng6 23. Nb3 Nd7 24. Na5 Nb6 25. a4 Bxf5 26. gxf5 Nf4 27. Bg3 Qc7 28. h4 Rh8 29. Kd2 Reg8 30. Nxb7 Kxb7 31. a5 gxh4 32. axb6 axb6 33. Bxf4 exf4 34. Rxh4 Rg2+ 35. Kd3 Ra8 36. Rb2 Rg3 37. Rxf4 Ra1 38. Ke3 Re1+ 39. Re2 Rc1 40. Ra2 Rxc3+ 41. Kf2 1-0

[Event "Rilton Cup 34th"]
[Site "Stockholm"]
[Date "2005.01.03"]
[Round "7"]
[White "Palmblad, Jan Peter"]
[Black "Isaksson, Per"]
[Result "1/2-1/2"]
[WhiteElo "2148"]
[BlackElo "2072"]
[PlyCount "65"]
[EventDate "2004.12.27"]
[EventType "swiss"]
[EventRounds "9"]
[EventCountry "SWE"]
[SourceTitle "CBM 104 Extra"]
[Source "ChessBase"]
[SourceDate "2005.03.01"]
[SourceVersion "1"]
[SourceVersionDate "2005.03.01"]
[SourceQuality "1"]

1. e4 c5 2. Nf3 e6 3. d4 cxd4 4. Nxd4 a6 5. c4 Nf6 6. Nc3 Bb4 7. Bd3 Nc6 8. Nde2 d5 9. cxd5 exd5 10. exd5 Nxd5 11. 0-0 Be6 12. Re1 0-0 13. Qc2 h6 14. a3 Ba5 15. Rd1 Nxc3 16. bxc3 Qh4 17. Be4 Rac8 18. Qa4 Qh5 19. Bf3 Qc5 20. Be3 Qc4 21. Bxc6 Rxc6 22. Qxa5 Qxe2 23. Rab1 b5 24. a4 Bc4 25. axb5 axb5 26. Rd8 Rxd8 27. Qxd8+ Kh7 28. Qd1 Rg6 29. Qxe2 Bxe2 30. f4 Rd6 31. Kf2 Rd1 32. Rxd1 Bxd1 33. Bc5 1/2-1/2

[Event "Rilton Cup 34th"]
[Site "Stockholm"]
[Date "2004.12.28"]
[Round "2"]
[White "Lohou, Stephane"]
[Black "Isaksson, Per"]
[Result "1-0"]
[WhiteElo "2167"]
[BlackElo "2072"]
[PlyCount "83"]
[EventDate "2004.12.27"]
[EventType "swiss"]
[EventRounds "9"]
[EventCountry "SWE"]
[SourceTitle "CBM 104 Extra"]
[Source "ChessBase"]
[SourceDate "2005.03.01"]
[SourceVersion "1"]
[SourceVersionDate "2005.03.01"]
[SourceQuality "1"]

1. e4 c5 2. Nf3 e6 3. d4 cxd4 4. Nxd4 a6 5. Nc3 Qc7 6. Bd3 Bc5 7. Nb3 Be7 8. 0-0 Nf6 9. f4 d6 10. Kh1 b6 11. Nd4 Nbd7 12. Bd2 Bb7 13. Qe2 0-0 14. Rae1 Nc5 15. b4 Nxd3 16. cxd3 Rac8 17. Rc1 Qb8 18. a4 Rfe8 19. Qf2 Nd7 20. f5 e5 21. Nc2 Ba8 22. Qg3 Nf6 23. Ne3 Nh5 24. Qf3 Nf4 25. Ng4 d5 26. Bxf4 exf4 27. f6 Bxb4 28. Nxd5 Bxd5 29. Nh6+ Kh8 30. fxg7+ Kxg7 31. Nf5+ Kf6 32. Qh5 Rxc1 33. Qh6+ Ke5 34. Qxf4+ Kf6 35. Qh6+ Ke5 36. Qf4+ Kf6 37. Qxc1 Ke6 38. exd5+ Kd7 39. Qc6+ Kd8 40. Qf6+ Kc8 41. Qxf7 Qe5 42. d6 1-0

[Event "Rilton Cup 34th"]
[Site "Stockholm"]
[Date "2004.12.27"]
[Round "1"]
[White "Lindberg, Bo"]
[Black "Isaksson, Per"]
[Result "1-0"]
[WhiteElo "2326"]
[BlackElo "2072"]
[PlyCount "73"]
[EventDate "2004.12.27"]
[EventType "swiss"]
[EventRounds "9"]
[EventCountry "SWE"]
[SourceTitle "CBM 104 Extra"]
[Source "ChessBase"]
[SourceDate "2005.03.01"]
[SourceVersion "1"]
[SourceVersionDate "2005.03.01"]
[SourceQuality "1"]

1. d4 d5 2. c4 dxc4 3. Nf3 Nf6 4. Nc3 a6 5. e3 e6 6. Bxc4 c5 7. Bb3 Nc6 8. 0-0 cxd4 9. exd4 Be7 10. Bg5 0-0 11. Re1 Nb4 12. a3 Nbd5 13. Qd3 Qd6 14. Rad1 Bd7 15. Bxd5 exd5 16. Ne5 Be6 17. Re3 Rfe8 18. Rde1 Rac8 19. Na4 Ne4 20. Bxe7 Rxe7 21. f3 Nf6 22. Nc5 Rce8 23. Qb3 Bc8 24. Qb4 Nd7 25. Ncd3 Qxb4 26. Nxb4 Nb6 27. Nc4 Rxe3 28. Rxe3 Rxe3 29. Nxe3 Nc4 30. Nbxd5 Nxe3 31. Nxe3 Kf8 32. Kf2 Ke7 33. Ke2 f6 34. Kd3 Kd6 35. Nc4+ Kc7 36. d5 Bf5+ 37. Kd4 1-0